[Event "EU-Cup 34th"]
[Site "Porto Carras"]
[Date "2018.10.14"]
[Round "3.5"]
[White "McMillan, Charles Stuart"]
[Black "Rosenthal, Jonathan"]
[Result "0-1"]
[WhiteElo "2070"]
[BlackElo "2315"]
[PlyCount "90"]
[EventDate "2018.10.12"]
[EventType "team-swiss"]
[EventRounds "7"]
[EventCountry "GRE"]
[SourceTitle "CBM 187"]
[Source "ChessBase"]
[SourceDate "2018.12.11"]
[SourceVersion "1"]
[SourceVersionDate "2018.12.11"]
[SourceQuality "1"]
[WhiteTeam "White Rose"]
[BlackTeam "Zuerich SG"]
[WhiteTeamCountry "ENG"]
[BlackTeamCountry "SUI"]

1. e4 c6 2. d4 d5 3. e5 Bf5 4. Nc3 e6 5. g4 Bg6 6. Nge2 c5 7. h4 h5 8. Nf4 Bh7 9. Nxh5 Nc6 10. dxc5 Bxc5 11. Bb5 Qc7 12. Bxc6+ Qxc6 13. Qf3 Be4 14. Nxe4 dxe4 15. Qe2 0-0-0 16. Rh3 Kb8 17. Bg5 Ne7 18. Rd1 e3 19. fxe3 Qb6 20. c3 Rxd1+ 21. Kxd1 Nc6 22. Nxg7 Nxe5 23. h5 Qa5 24. a3 Qa4+ 25. Ke1 Ka8 26. e4 Bd6 27. Be3 Qxe4 28. Bd4 Qb1+ 29. Kf2 Nc6 30. Nxe6 Rc8 31. Nc5 Qc1 32. Nd3 Qg5 33. Be3 Qd5 34. Rf3 Re8 35. Rf5 Qe4 36. h6 Ne7 37. Rxf7 Nd5 38. Rf3 Qxg4 39. Ne1 Qh4+ 40. Kf1 Qh1+ 41. Kf2 Nxe3 42. Rxe3 Bc5 43. Ng2 Rf8+ 44. Qf3 Rxf3+ 45. Kxf3 Bxe3 0-1

[Event "EU-Cup 34th"]
[Site "Porto Carras"]
[Date "2018.10.12"]
[Round "1.5"]
[White "Jashari, Ardian"]
[Black "Rosenthal, Jonathan"]
[Result "1/2-1/2"]
[WhiteElo "2113"]
[BlackElo "2315"]
[PlyCount "79"]
[EventDate "2018.10.12"]
[EventType "team-swiss"]
[EventRounds "7"]
[EventCountry "GRE"]
[SourceTitle "CBM 187"]
[Source "ChessBase"]
[SourceDate "2018.12.11"]
[SourceVersion "1"]
[SourceVersionDate "2018.12.11"]
[SourceQuality "1"]
[WhiteTeam "Dardania"]
[BlackTeam "Zuerich SG"]
[WhiteTeamCountry "KOS"]
[BlackTeamCountry "SUI"]

1. Nf3 d5 2. d4 Nf6 3. c4 e6 4. g3 c6 5. Bg2 Bb4+ 6. Bd2 Be7 7. 0-0 0-0 8. Qc2 b6 9. Ne5 Nfd7 10. Nxd7 Nxd7 11. e4 Ba6 12. b3 dxc4 13. bxc4 e5 14. Be3 Bf6 15. d5 cxd5 16. exd5 Rc8 17. Nd2 Bg5 18. Qa4 Bxe3 19. fxe3 Nc5 20. Qa3 Rc7 21. Rac1 Bc8 22. Ne4 Nxe4 23. Bxe4 Bh3 24. Rfd1 Qd7 25. Bxh7+ Kxh7 26. Qxf8 Qf5 27. Qa3 Qf3 28. Qd3+ Bf5 29. Rf1 Qxg3+ 30. hxg3 Bxd3 31. Rfd1 e4 32. Rc3 Kg6 33. Rdc1 Rc5 34. Kf2 Kf5 35. a4 Ke5 36. Ke1 Ra5 37. Ra1 Rc5 38. Rac1 Ra5 39. Ra3 Rc5 40. Rac3 1/2-1/2

[Event "SUI-chT"]
[Site "Switzerland"]
[Date "2018.09.09"]
[Round "7.8"]
[White "Burri, Quentin"]
[Black "Rosenthal, Jonathan"]
[Result "1-0"]
[WhiteElo "2322"]
[BlackElo "2308"]
[PlyCount "123"]
[EventDate "2018.03.25"]
[EventType "team-tourn"]
[EventRounds "9"]
[EventCountry "SUI"]
[SourceTitle "EXT 2019"]
[Source "ChessBase"]
[SourceDate "2018.10.10"]
[SourceVersion "1"]
[SourceVersionDate "2018.10.10"]
[SourceQuality "1"]
[WhiteTeam "Geneve"]
[BlackTeam "Zuerich"]
[WhiteTeamCountry "SUI"]
[BlackTeamCountry "SUI"]

1. e4 c6 2. d4 d5 3. e5 Bf5 4. Nf3 e6 5. Be2 Nd7 6. 0-0 Bg6 7. Nbd2 Nh6 8. Nb3 Be7 9. Bf4 0-0 10. Qd2 Nf5 11. g4 Nh4 12. Nxh4 Bxh4 13. Be3 Be7 14. f4 Be4 15. Bd3 Bxd3 16. cxd3 f5 17. Kh1 fxg4 18. Qe2 h5 19. h3 Rf5 20. hxg4 hxg4 21. Rg1 Kf7 22. Qxg4 Qh8+ 23. Kg2 Qh5 24. Kf2 Qxg4 25. Rxg4 g6 26. Rh1 Rh5 27. Rhg1 Nf8 28. R4g2 Rc8 29. Rc1 Rh3 30. Ke2 Rc7 31. Nd2 Ke8 32. Nf3 Bd8 33. Rgg1 Rch7 34. b4 Kd7 35. Rb1 Kc8 36. a4 Rc7 37. Bd2 Rh8 38. b5 cxb5 39. axb5 Be7 40. b6 axb6 41. Rxb6 Rc6 42. Rb2 Bd8 43. Ke3 Rg8 44. Bb4 Nh7 45. Rbg2 Nf8 46. Bxf8 Rxf8 47. Rxg6 b5 48. Rb1 Rb6 49. Nd2 Rh8 50. f5 Rh3+ 51. Nf3 exf5 52. Rxb6 Bxb6 53. Rxb5 Bxd4+ 54. Kf4 Bf2 55. Rxd5 Kc7 56. e6 Rh8 57. Rd7+ Kc8 58. d4 Rf8 59. Rf7 Rd8 60. Kxf5 Rd5+ 61. Ke4 Ra5 62. Rf8+ 1-0

[Event "SUI-chT"]
[Site "Switzerland"]
[Date "2018.06.10"]
[Round "4.7"]
[White "Pedrini, Pier Paolo"]
[Black "Rosenthal, Jonathan"]
[Result "0-1"]
[WhiteElo "2065"]
[BlackElo "2308"]
[PlyCount "96"]
[EventDate "2018.03.25"]
[EventType "team-tourn"]
[EventRounds "9"]
[EventCountry "SUI"]
[SourceTitle "EXT 2019"]
[Source "ChessBase"]
[SourceDate "2018.10.10"]
[SourceVersion "1"]
[SourceVersionDate "2018.10.10"]
[SourceQuality "1"]
[WhiteTeam "Mendrisio"]
[BlackTeam "Zuerich"]
[WhiteTeamCountry "SUI"]
[BlackTeamCountry "SUI"]

1. d4 d5 2. c4 e6 3. Nc3 c6 4. e3 Nf6 5. Nf3 Nbd7 6. Qc2 Bd6 7. a3 0-0 8. Bd3 e5 9. cxd5 cxd5 10. dxe5 Nxe5 11. Nxe5 Bxe5 12. h3 Re8 13. 0-0 Bb8 14. Nb5 a6 15. Nd4 Qd6 16. f4 Ba7 17. Bd2 Bd7 18. Rad1 Rac8 19. Qb3 Qb8 20. Rf3 Bxd4 21. exd4 Qa7 22. Kh2 Rc6 23. Be1 Rb6 24. Qc2 Rc8 25. Bc3 Bb5 26. Bf5 Re8 27. Bd3 Bxd3 28. Qxd3 Qb8 29. b4 Ne4 30. Be1 Rf6 31. g3 Rc6 32. b5 Rc4 33. Rb1 Qc8 34. bxa6 bxa6 35. Rb2 h6 36. Re3 Qc6 37. Ree2 Rc8 38. Rb4 Rc1 39. Rbb2 Qa4 40. Rb3 f5 41. g4 Qd7 42. g5 hxg5 43. fxg5 Qd6+ 44. Kg2 Qf4 45. Qf3 Qxg5+ 46. Kh2 R8c2 47. Rxc2 Rxc2+ 48. Kh1 Rc1 0-1

[Event "SUI-chT"]
[Site "Switzerland"]
[Date "2016.10.09"]
[Round "9.8"]
[White "Fioramonti, Hung"]
[Black "Rosenthal, Jonathan"]
[Result "1-0"]
[WhiteElo "2315"]
[BlackElo "2316"]
[PlyCount "131"]
[EventDate "2016.03.20"]
[EventType "team-tourn"]
[EventRounds "9"]
[EventCountry "SUI"]
[SourceTitle "EXT 2017"]
[Source "ChessBase"]
[SourceDate "2016.10.25"]
[SourceVersion "1"]
[SourceVersionDate "2016.10.25"]
[SourceQuality "1"]
[WhiteTeam "Geneve"]
[BlackTeam "Zuerich"]
[WhiteTeamCountry "SUI"]
[BlackTeamCountry "SUI"]

1. Nf3 d5 2. c4 e6 3. g3 dxc4 4. Qa4+ Nd7 5. Bg2 a6 6. Qxc4 b5 7. Qc2 Bb7 8. 0-0 Ngf6 9. b3 c5 10. Bb2 Be7 11. d3 0-0 12. Nbd2 Qb6 13. Rac1 Rfd8 14. Qb1 Ne8 15. Rfd1 Nd6 16. b4 a5 17. bxc5 Nxc5 18. Nb3 Nxb3 19. axb3 Rdc8 20. Rxc8+ Rxc8 21. Rc1 Rxc1+ 22. Qxc1 a4 23. bxa4 bxa4 24. Ba3 h6 25. Qc2 Qb3 26. Qxb3 axb3 27. Nd2 Bxg2 28. Kxg2 Ne4 29. Bxe7 Nxd2 30. Ba3 b2 31. Bxb2 Nb3 32. Kf3 f5 33. Kf4 Kf7 34. Ke5 Nc5 35. Kd6 Nb3 36. h3 g5 37. g4 f4 38. Kc6 Nd2 39. Kc5 f3 40. e3 Nf1 41. Kd4 Ng3 42. e4 Ne2+ 43. Ke3 Ng1 44. Be5 Kg6 45. Bh2 Nxh3 46. Kxf3 h5 47. gxh5+ Kxh5 48. Kg2 g4 49. f4 Kh6 50. d4 Kg6 51. Kg3 Kh5 52. d5 exd5 53. exd5 Kg6 54. Kxg4 Nf2+ 55. Kf3 Nd3 56. Ke4 Nc5+ 57. Ke5 Kf7 58. Kd6 Ne4+ 59. Kc7 Nf6 60. Kc6 Ke7 61. Bg3 Ke8 62. Bf2 Nh5 63. d6 Nf6 64. Bd4 Nd7 65. Kc7 Nf8 66. Kc8 1-0

[Event "SUI-chT"]
[Site "Switzerland"]
[Date "2016.10.08"]
[Round "8.8"]
[White "Rosenthal, Jonathan"]
[Black "Beckhuis, Gernod"]
[Result "1-0"]
[WhiteElo "2316"]
[BlackElo "2291"]
[PlyCount "69"]
[EventDate "2016.03.20"]
[EventType "team-tourn"]
[EventRounds "9"]
[EventCountry "SUI"]
[SourceTitle "EXT 2017"]
[Source "ChessBase"]
[SourceDate "2016.10.25"]
[SourceVersion "1"]
[SourceVersionDate "2016.10.25"]
[SourceQuality "1"]
[WhiteTeam "Zuerich"]
[BlackTeam "Luzern"]
[WhiteTeamCountry "SUI"]
[BlackTeamCountry "SUI"]

1. d4 Nf6 2. c4 e6 3. Nc3 Bb4 4. a3 Bxc3+ 5. bxc3 c5 6. f3 0-0 7. e4 Nc6 8. Be3 b6 9. Bd3 Ba6 10. e5 Ne8 11. f4 f5 12. d5 Na5 13. d6 Nxc4 14. Qe2 Nxe3 15. Bxa6 Nd5 16. Qf3 Qh4+ 17. g3 Qg4 18. c4 Qxf3 19. Nxf3 Ne3 20. Kd2 Ng4 21. Ke2 g6 22. a4 Ng7 23. a5 Nh5 24. axb6 axb6 25. Ra4 Rfd8 26. Rha1 Kf8 27. Bb5 Rxa4 28. Rxa4 Ke8 29. Ra3 Rb8 30. Ra7 Rd8 31. Ng5 Ng7 32. h3 h6 33. Nh7 Nh5 34. hxg4 fxg4 35. Kf2 1-0

[Event "SUI-chT"]
[Site "Switzerland"]
[Date "2013.09.08"]
[Round "7.7"]
[White "Rosenthal, Jonathan"]
[Black "Vuilleumier, Alexandre"]
[Result "1/2-1/2"]
[WhiteElo "2338"]
[BlackElo "2324"]
[PlyCount "45"]
[EventDate "2013.03.17"]
[EventType "team-tourn"]
[EventRounds "9"]
[EventCountry "SUI"]
[SourceTitle "EXT 2014"]
[Source "ChessBase"]
[SourceDate "2013.11.20"]
[SourceVersion "1"]
[SourceVersionDate "2013.11.20"]
[SourceQuality "1"]
[WhiteTeam "Zuerich"]
[BlackTeam "Geneve"]
[WhiteTeamCountry "SUI"]
[BlackTeamCountry "SUI"]

1. d4 Nf6 2. c4 e6 3. Nc3 Bb4 4. a3 Bxc3+ 5. bxc3 0-0 6. e3 c5 7. Bd3 b6 8. Ne2 Ba6 9. e4 Ne8 10. Qa4 d5 11. exd5 exd5 12. Nf4 cxd4 13. cxd4 dxc4 14. Bxc4 b5 15. Bxb5 Bxb5 16. Qxb5 Qxd4 17. Qb2 Qc4 18. Qa2 Qc3+ 19. Bd2 Qe5+ 20. Be3 Qc3+ 21. Bd2 Qe5+ 22. Be3 Qc3+ 23. Bd2 1/2-1/2

[Event "Mitropa Cup 31st"]
[Site "Sibenik"]
[Date "2012.06.04"]
[Round "5"]
[White "Rosenthal, Jonathan"]
[Black "Zelbel, Patrick"]
[Result "1/2-1/2"]
[WhiteElo "2325"]
[BlackElo "2377"]
[PlyCount "82"]
[EventDate "2012.05.31"]
[EventType "team-tourn"]
[EventRounds "9"]
[EventCountry "CRO"]
[SourceTitle "CBM 148 Extra"]
[Source "ChessBase"]
[SourceDate "2012.06.22"]
[SourceVersion "1"]
[SourceVersionDate "2012.06.22"]
[SourceQuality "1"]
[WhiteTeam "Switzerland"]
[BlackTeam "Germany"]
[WhiteTeamCountry "SUI"]
[BlackTeamCountry "GER"]

1. d4 Nf6 2. c4 g6 3. Nc3 Bg7 4. e4 d6 5. Nf3 0-0 6. h3 a6 7. Be3 Nbd7 8. g4 c6 9. a4 e5 10. d5 Nc5 11. Nd2 a5 12. Be2 Bd7 13. Qc2 Rc8 14. g5 Ne8 15. h4 f5 16. h5 Rf7 17. Nf3 Na6 18. hxg6 hxg6 19. 0-0-0 Nb4 20. Qb3 f4 21. Bd2 Bf8 22. Rh4 cxd5 23. Rdh1 Bg7 24. cxd5 Nc7 25. Kb1 Nca6 26. Qd1 Nc5 27. R1h2 Qb6 28. Bb5 Nbd3 29. Qh1 Kf8 30. Rh8+ Ke7 31. Rxc8 Bxc8 32. Nh4 Nxa4 33. Nxg6+ Kd8 34. Rh8+ Bxh8 35. Qxh8+ Kc7 36. Qe8 Nxc3+ 37. Bxc3 Bd7 38. Qxf7 Qxb5 39. Nf8 Nc5 40. Ne6+ Nxe6 41. dxe6 Qf1+ 1/2-1/2

[Event "Mitropa Cup 31st"]
[Site "Sibenik"]
[Date "2012.05.31"]
[Round "1"]
[White "Rosenthal, Jonathan"]
[Black "Saric, Ante"]
[Result "1/2-1/2"]
[WhiteElo "2325"]
[BlackElo "2513"]
[PlyCount "46"]
[EventDate "2012.05.31"]
[EventType "team-tourn"]
[EventRounds "9"]
[EventCountry "CRO"]
[SourceTitle "CBM 148 Extra"]
[Source "ChessBase"]
[SourceDate "2012.06.22"]
[SourceVersion "1"]
[SourceVersionDate "2012.06.22"]
[SourceQuality "1"]
[WhiteTeam "Switzerland"]
[BlackTeam "Croatia"]
[WhiteTeamCountry "SUI"]
[BlackTeamCountry "CRO"]

1. d4 Nf6 2. c4 e6 3. Nc3 Bb4 4. f3 d5 5. a3 Bxc3+ 6. bxc3 c5 7. cxd5 exd5 8. e3 Qc7 9. Rb1 cxd4 10. cxd4 Bf5 11. Bd3 Bxd3 12. Qxd3 0-0 13. Ne2 Re8 14. 0-0 Nc6 15. Bd2 Rac8 16. Rfc1 Qd7 17. Qb3 b6 18. Nf4 Ne7 19. a4 Rxc1+ 20. Rxc1 Rc8 21. Rxc8+ Nxc8 22. a5 Qc6 23. Bb4 h6 1/2-1/2

[Event "SUI-chT"]
[Site "Switzerland"]
[Date "2011.08.27"]
[Round "6.8"]
[White "Rosenthal, Jonathan"]
[Black "Schaerer, Julian"]
[Result "1/2-1/2"]
[WhiteElo "2335"]
[BlackElo "2121"]
[PlyCount "135"]
[EventDate "2011.02.27"]
[EventType "team-tourn"]
[EventRounds "9"]
[EventCountry "SUI"]
[SourceTitle "EXT 2012"]
[Source "ChessBase"]
[SourceDate "2011.11.24"]
[SourceVersion "1"]
[SourceVersionDate "2011.11.24"]
[SourceQuality "1"]
[WhiteTeam "Zuerich"]
[BlackTeam "Winterthur"]
[WhiteTeamCountry "SUI"]
[BlackTeamCountry "SUI"]

1. d4 d5 2. c4 c6 3. Nf3 Nf6 4. e3 g6 5. Be2 Bg7 6. 0-0 0-0 7. Nc3 dxc4 8. Bxc4 Bg4 9. h3 Bxf3 10. Qxf3 Nbd7 11. Rd1 e5 12. d5 e4 13. Qe2 cxd5 14. Nxd5 Ne5 15. Nxf6+ Qxf6 16. Bd5 Qf5 17. Qc2 Rad8 18. Rd4 Nf3+ 19. gxf3 Bxd4 20. fxe4 Qg5+ 21. Kf1 Bg7 22. Bd2 Rxd5 23. exd5 Qxd5 24. e4 Qe6 25. Qd3 Re8 26. Rc1 Bf6 27. Rc7 Rd8 28. Qe3 Be5 29. Rc5 Bxb2 30. Kg2 Be5 31. a4 b6 32. Rc2 Rc8 33. Rxc8+ Qxc8 34. Qd3 h5 35. Qd5 Qc7 36. Bb4 Bg7 37. Qa8+ Kh7 38. Qd5 Qc2 39. a5 bxa5 40. Bxa5 f5 41. exf5 Qxf5 42. Qd8 Qf7 43. Qd3 Qe7 44. Qd5 Qe5 45. Qd2 Qe4+ 46. Kg1 Qf3 47. Qd7 a6 48. Qd6 Qxh3 49. Qxa6 Qg4+ 50. Kf1 h4 51. Qe2 Qf5 52. Bd2 Be5 53. Kg1 Kg7 54. f4 Bf6 55. Kg2 Qd5+ 56. Kh2 Qb3 57. Qe3 Qd1 58. Qd3 Qg4 59. Qh3 Qe2+ 60. Qg2 Qe7 61. Qd5 Kh7 62. Qd3 Qe6 63. Kg2 Be7 64. Kh2 Bd6 65. Qh3 Qf6 66. Qg4 Be7 67. Qd7 Qd6 68. Qxd6 1/2-1/2

[Event "Biel MTO op 43rd"]
[Site "Biel"]
[Date "2010.07.30"]
[Round "11"]
[White "Rosenthal, Jonathan"]
[Black "Codenotti, Marco"]
[Result "1-0"]
[WhiteElo "2291"]
[BlackElo "2169"]
[PlyCount "71"]
[EventDate "2010.07.19"]
[EventType "swiss"]
[EventRounds "11"]
[EventCountry "SUI"]
[SourceTitle "CBM 137 Extra"]
[Source "ChessBase"]
[SourceDate "2010.09.01"]
[SourceVersion "1"]
[SourceVersionDate "2010.09.01"]
[SourceQuality "1"]

1. d4 Nf6 2. c4 g6 3. Nc3 d5 4. cxd5 Nxd5 5. e4 Nxc3 6. bxc3 Bg7 7. Nf3 c5 8. Rb1 0-0 9. Be2 Nc6 10. d5 Ne5 11. Nxe5 Bxe5 12. Qd2 e6 13. f4 Bg7 14. c4 Re8 15. e5 f6 16. d6 fxe5 17. Bb2 exf4 18. Bxg7 Kxg7 19. 0-0 Rf8 20. Rxf4 Rxf4 21. Qxf4 Qf6 22. Qd2 b6 23. Bf3 Rb8 24. d7 Ba6 25. Rd1 Rd8 26. Qc2 Qf4 27. Qc3+ Qf6 28. Qc2 Qf4 29. Qc3+ Kg8 30. Bc6 Bxc4 31. g3 Qg4 32. Bf3 Qf5 33. Qxc4 Qxf3 34. Qxe6+ Qf7 35. Qd6 Rf8 36. Qxf8+ 1-0

[Event "Biel MTO op 43rd"]
[Site "Biel"]
[Date "2010.07.27"]
[Round "9"]
[White "Rosenthal, Jonathan"]
[Black "Pelletier, Yannick"]
[Result "0-1"]
[WhiteElo "2291"]
[BlackElo "2589"]
[PlyCount "77"]
[EventDate "2010.07.19"]
[EventType "swiss"]
[EventRounds "11"]
[EventCountry "SUI"]
[SourceTitle "CBM 137 Extra"]
[Source "ChessBase"]
[SourceDate "2010.09.01"]
[SourceVersion "1"]
[SourceVersionDate "2010.09.01"]
[SourceQuality "1"]

1. d4 Nf6 2. c4 e6 3. Nc3 Bb4 4. f3 c5 5. d5 0-0 6. e4 b5 7. Bd2 bxc4 8. Bxc4 Ba6 9. Bxa6 Nxa6 10. Nge2 exd5 11. e5 Bxc3 12. Bxc3 d4 13. exf6 dxc3 14. fxg7 Re8 15. bxc3 Qe7 16. Qd2 c4 17. Kf2 Nc5 18. Nf4 Qg5 19. Rhd1 Re5 20. Kg1 Rae8 21. Qd4 Ne6 22. Nxe6 R5xe6 23. f4 Qg4 24. f5 Qxf5 25. Qxc4 Re2 26. Rf1 Qg6 27. Rf2 Rxf2 28. Kxf2 Qb6+ 29. Kf1 Re6 30. Qd4 Qb2 31. Rd1 Qxa2 32. Kg1 d6 33. h3 a5 34. c4 a4 35. c5 Qc2 36. cxd6 Re2 37. Kh1 Rxg2 38. Qf4 Qc6 39. d7 0-1

[Event "Biel Hanowa Generations"]
[Site "Biel"]
[Date "2009.07.30"]
[Round "10"]
[White "Giffard, Nicolas"]
[Black "Rosenthal, Jonathan"]
[Result "0-1"]
[WhiteElo "2357"]
[BlackElo "2262"]
[PlyCount "56"]
[EventDate "2009.07.20"]
[EventType "schev"]
[EventRounds "10"]
[EventCountry "SUI"]
[SourceTitle "CBM 131 Extra"]
[Source "ChessBase"]
[SourceDate "2009.09.03"]
[SourceVersion "2"]
[SourceVersionDate "2009.09.16"]
[SourceQuality "1"]

1. Nf3 d5 2. c4 c6 3. Na3 Nf6 4. b3 Bg4 5. Ne5 Bh5 6. cxd5 cxd5 7. Qc2 Nbd7 8. Nxd7 Qxd7 9. e3 a6 10. b4 e5 11. Qb3 Bd6 12. f3 0-0 13. Bb2 Qe7 14. b5 a5 15. Nb1 a4 16. Qd1 a3 17. Bc1 e4 18. Be2 Be5 19. Nc3 d4 20. f4 dxc3 21. fxe5 Qxe5 22. Rb1 Bxe2 23. Qxe2 c2 24. Rb4 Qa1 25. 0-0 Qxa2 26. Rxf6 gxf6 27. Rxe4 Qa1 28. Qf1 a2 0-1

[Event "Biel Hanowa Generations"]
[Site "Biel"]
[Date "2009.07.26"]
[Round "7"]
[White "Rosenthal, Jonathan"]
[Black "Illijin, Neboisa"]
[Result "0-1"]
[WhiteElo "2262"]
[BlackElo "2246"]
[PlyCount "52"]
[EventDate "2009.07.20"]
[EventType "schev"]
[EventRounds "10"]
[EventCountry "SUI"]
[SourceTitle "CBM 131 Extra"]
[Source "ChessBase"]
[SourceDate "2009.09.03"]
[SourceVersion "2"]
[SourceVersionDate "2009.09.16"]
[SourceQuality "1"]

1. d4 Nf6 2. c4 e6 3. Nc3 d5 4. Nf3 c5 5. cxd5 Nxd5 6. e4 Nxc3 7. bxc3 cxd4 8. cxd4 Nc6 9. Bc4 Bb4+ 10. Bd2 Bxd2+ 11. Qxd2 0-0 12. Rd1 Na5 13. Bd3 Bd7 14. 0-0 Rc8 15. h4 Nc4 16. Qe2 Nb6 17. Rfe1 Ba4 18. Rb1 Qe7 19. Qd2 Qa3 20. Rec1 Rfd8 21. Kh2 Rxc1 22. Rxc1 Bc6 23. Rc5 h6 24. Bb1 Qxc5 25. dxc5 Rxd2 26. Nxd2 Na4 0-1